|
|
|
|
| LEADER |
01996nam a2200421 i 4500 |
| 001 |
EBC2030578 |
| 003 |
MiAaPQ |
| 005 |
20200909225244.0 |
| 006 |
m o d | |
| 007 |
cr cnu|||||||| |
| 008 |
150424t20152015enka ob 000 0 eng d |
| 020 |
|
|
|z 9781785601484
|
| 020 |
|
|
|a 9781785601491
|q (electronic bk.)
|
| 035 |
|
|
|a (MiAaPQ)EBC2030578
|
| 035 |
|
|
|a (Au-PeEL)EBL2030578
|
| 035 |
|
|
|a (CaPaEBR)ebr11043409
|
| 035 |
|
|
|a (OCoLC)939554462
|
| 040 |
|
|
|a MiAaPQ
|b eng
|e rda
|e pn
|c MiAaPQ
|d MiAaPQ
|
| 050 |
|
4 |
|a HD2741
|b .C677 2015
|
| 082 |
0 |
|
|a 658.4
|2 23
|
| 245 |
0 |
0 |
|a Corporate governance :
|b the of international business in journal society : governance and CSR management in sport /
|c guest editors, Dr. Tim Breitbarth [and three others].
|
| 264 |
|
1 |
|a [Bradford, England] :
|b Emerald,
|c [2015]
|
| 264 |
|
4 |
|c [2015]
|
| 300 |
|
|
|a 1 online resource (109 pages) :
|b illustrations, tables, graphs.
|
| 336 |
|
|
|a text
|2 rdacontent
|
| 337 |
|
|
|a computer
|2 rdamedia
|
| 338 |
|
|
|a online resource
|2 rdacarrier
|
| 490 |
1 |
|
|a Corporate Governance,
|x 1472-0701 ;
|v Volume 15, Number 2
|
| 504 |
|
|
|a Includes bibliographical references at the end of each chapters.
|
| 588 |
|
|
|a Description based on online resource; title from PDF title page (ebrary, viewed April 24, 2015).
|
| 590 |
|
|
|a Electronic reproduction. Ann Arbor, MI : ProQuest, 2016. Available via World Wide Web. Access may be limited to ProQuest affiliated libraries.
|
| 650 |
|
0 |
|a Corporate governance.
|
| 655 |
|
4 |
|a Electronic books.
|
| 700 |
1 |
|
|a Breitbarth, Tim,
|e editor.
|
| 776 |
0 |
8 |
|i Print version:
|t Corporate governance : the of international business in journal society : governance and CSR management in sport.
|d [Bradford, England] : Emerald, c[2015]
|h 278 pages
|k Corporate Governance ; Volume 15, Number 2
|z 9781785601484
|
| 797 |
2 |
|
|a ProQuest (Firm)
|
| 830 |
|
0 |
|a Corporate governance ;
|v Volume 15, Number 2.
|
| 856 |
4 |
0 |
|u https://ebookcentral.proquest.com/lib/matrademy/detail.action?docID=2030578
|z Click to View
|